| 000 | 01105nam a2200349Ia 4500 | ||
|---|---|---|---|
| 001 | Z_5258 | ||
| 003 | CHAP | ||
| 008 | 220113s2004 xx 000 0 und d | ||
| 010 | _a168322 | ||
| 020 | _a950-504-576-X | ||
| 040 | _cCHAP | ||
| 082 | _a631.58 P56 | ||
| 100 |
_aPinheiro Machado, Luiz Carlos _9142593 |
||
| 245 |
_aPastoreo racional Voisin: tecnología agroecológica para el tercer milenio / _cLuiz Carlos Pinheiro Machado; traducción Silvia de Bargas |
||
| 260 |
_aArgentina : _bHemisferio Sur, _c2004 |
||
| 300 | _axxvii, 253 p. | ||
| 500 | _aTítulo original: Pastoreio racional Voisin : tecnologia Agroecologica para o 3 milenio | ||
| 503 | _aej.1: C/E \ ej.2: C/E | ||
| 504 | _aBibliografía: p. 215 -228 | ||
| 650 |
_aAgricultura sustentable _92010 |
||
| 650 |
_aAgronomía _xTecnología _9142594 |
||
| 650 |
_aManejo de pastizales _9142595 |
||
| 650 |
_aManejo de pastoreo _9142596 |
||
| 650 |
_aPastoreo _985984 |
||
| 700 |
_aBargas, Silvia de, tr. _9142597 |
||
| 901 | _a631.58 P56 | ||
| 902 | _aM | ||
| 910 | _a2004 | ||
| 942 | _c1 | ||
| 942 | _cc1 | ||
| 999 |
_c168322 _d168322 |
||